书目信息 |
| 题名: |
邓朴方的路
|
|
| 作者: | 秦燕 著 | |
| 分册: | ||
| 出版信息: | 太原 书海出版社 1992.11 |
|
| 页数: | 245页 | |
| 开本: | 19cm | |
| 丛书名: | ||
| 单 册: | ||
| 中图分类: | K827.7 , I25 | |
| 科图分类: | ||
| 主题词: | 报告文学--中国 , 传记文学--中国 | |
| 电子资源: | ||
| ISBN: | 7-80550-144-0 | |
| 000 | 00774nam0 2200265 450 | |
| 001 | 1533861234 | |
| 005 | 20150124092719.01 | |
| 010 | @a7-80550-144-0@dCNY5.80 | |
| 100 | @a19930223d1992 em y0chiy0110 ea | |
| 101 | 0 | @achi |
| 102 | @aCN@b140000 | |
| 105 | @aa z 000yd | |
| 200 | 1 | @a邓朴方的路@9deng pu fang de lu@f秦 燕著 |
| 210 | @a太原@c书海出版社@d1992.11 | |
| 215 | @a245页@c照片@d19cm | |
| 330 | @a本书记述了邓朴方的经历。包括:在太行山上、在“革命大家庭”里、在四川的邓家、未名湖畔的六年等。 | |
| 600 | 0 | @a邓朴方@x生平事迹 |
| 600 | 0 | @2CT@3S906983@a邓朴方 |
| 606 | 0 | @a报告文学@x中国 |
| 606 | 0 | @a传记文学@x中国 |
| 690 | @aK827.7@v三版 | |
| 690 | @aI25@v4 | |
| 701 | 0 | @a秦燕@9qin yan@4著 |
| 801 | 0 | @aCN@bTSSF@c20150124 |
| 905 | @aZUCC@dI25@eJY19 | |
| 邓朴方的路/秦 燕著.-太原:书海出版社,1992.11 |
| 245页:照片;19cm |
| ISBN 7-80550-144-0:CNY5.80 |
| 本书记述了邓朴方的经历。包括:在太行山上、在“革命大家庭”里、在四川的邓家、未名湖畔的六年等。 |
| ● |
| 相关链接 |
|
|
|
|
正题名:邓朴方的路
索取号:I25/JY19
 
预约/预借
| 序号 | 登录号 | 条形码 | 馆藏地/架位号 | 状态 | 备注 |
| 1 | 7842797 | 278427971 | 学院路分馆/ [索取号:I25/JY19] | 在馆 | |
| 2 | 7842798 | 278427980 | 学院路分馆/ [索取号:I25/JY19] | 在馆 | |
| 3 | 7842799 | 278427999 | 学院路分馆/ [索取号:I25/JY19] | 在馆 | |
| 4 | 7842800 | 278428006 | 学院路分馆/ [索取号:I25/JY19] | 在馆 |